NUOVA RIVISTA MUSICALE ITALIANA (MAGGIO/GIUGNO 1970) (Record n. 115091)

Dettagli MARC
000 -LEADER
fixed length control field 01117nas a2200253Ia 4500
001 - CONTROL NUMBER
control field R416/38295
003 - CONTROL NUMBER IDENTIFIER
control field IT-RoPAU
008 - FIXED-LENGTH DATA ELEMENTS--GENERAL INFORMATION
fixed length control field 151124c99999999xx |||||||||||| ||und||
040 ## - CATALOGING SOURCE
Original cataloging agency IT-RoPAU
040 ## - CATALOGING SOURCE
Transcribing agency IT-RoPAU
041 ## - LANGUAGE CODE
Language code of text/sound track or separate title ITALIANO
100 ## - MAIN ENTRY--PERSONAL NAME
Personal name Stefani Gino
Miscellaneous information Codice Aut. SPICS: 1035
210 ## - ABBREVIATED TITLE
Abbreviated title NUOVA RIVISTA MUSICALE ITALIANA
222 ## - KEY TITLE
Key title Nuova Rivista Musicale Italiana
245 ## - TITLE STATEMENT
Title NUOVA RIVISTA MUSICALE ITALIANA (MAGGIO/GIUGNO 1970)
Remainder of title Padre Martini E L'Eximeno: Bilancio di Una Celebre Polemica Sulla Musica di Chiesa
250 ## - EDITION STATEMENT
Edition statement 1a ed.
260 ## - PUBLICATION, DISTRIBUTION, ETC. (IMPRINT)
Place of publication, distribution, etc. TORINO
Name of publisher, distributor, etc. ERI/EDIZIONI RAI
Date of publication, distribution, etc. 1970
300 ## - PHYSICAL DESCRIPTION
Extent 19 p. [463-481]
362 ## - DATES OF PUBLICATION AND/OR SEQUENTIAL DESIGNATION
Dates of publication and/or sequential designation ANNO 004(MAGGIO/GIUGNO 1970)
501 ## - WITH NOTE
-- Paulus - SPICS - Società San Paolo EM (non-commercial uses only)
-- Copyright2015
500 ## - GENERAL NOTE
General note Celebre Polemica Avvenuta nel 1774-1775. sono Già Stati Messi in Rilievo da Altri gli Aspetti Propriamente Musicali della Polemica. Restano Ancora in Ombra i Problemi del Rapporto Musica e Chiesa. Canto dei Salmi e Tradizione. Canto Liturgico e Tecnica Co
650 ## - SUBJECT ADDED ENTRY--TOPICAL TERM
Topical term or geographic name as entry element MUSICA
Form subdivision PUBBLICAZIONE PERIODICA
942 ## - ADDED ENTRY ELEMENTS (KOHA)
Koha item type RIVISTA
Dati di copia
Withdrawn status Lost status Damaged status Not for loan Home library Current library Date acquired Total Checkouts Full call number Date last seen Price effective from Koha item type Public note
    Buone Condizioni Not For Loan SPICS-MEDIATECA SPICS-MEDIATECA 25/11/2015   R416/38295 25/11/2015 25/11/2015 RIVISTA Progr. Ins: 76698 / Copia rara: NO / date import: 25.11.2015 / By Epidotti, Trombetti, Vaglietti
CREDITS: SOCIETA' SAN PAOLO Via A.Severo, 58 - ROMA (RM) & PERIODICI SAN PAOLO SRL Via Giotto, 36 MILANO & CISF Via Giotto, 36 MILANO & EDIZIONI SAN PAOLO SRL,  Piazza Soncino, 5 CINISELLO BALSAMO (MI) -- ITALY